[Event "IMSA Rapid 2016"]
[Site "Huai'an CHN"]
[Date "2016.02.26"]
[Round "1.1"]
[White "Harikrishna, Pentala"]
[Black "Wang, Hao"]
[Result "0-1"]
[WhiteTitle "GM"]
[BlackTitle "GM"]
[WhiteElo "2753"]
[BlackElo "2717"]
[WhiteFideId "5007003"]
[BlackFideId "8602883"]
[EventDate "2016.02.26"]

1. e4 e6 2. d4 d5 3. Nc3 Nf6 4. exd5 exd5 5. Bg5 Be7 6. Bd3 Nc6 7. Nge2 Nb4 8.
Bb5+ c6 9. Ba4 O-O 10. O-O h6 11. Bxf6 Bxf6 12. Ng3 a5 13. a3 Na6 14. Nce2 g6
15. c3 Qd6 16. Bc2 Re8 17. Qd2 Bg7 18. Nf4 Nc7 19. Nd3 b6 20. Rfe1 Ba6 21. Ne5
Bxe5 22. dxe5 Rxe5 23. Rxe5 Qxe5 24. Qxh6 Re8 25. h4 Ne6 26. Qe3 Qxe3 27. fxe3
Nc5 28. Kf2 Bd3 29. Bd1 a4 30. Be2 Bxe2 31. Kxe2 Nb7 32. Rf1 Nd6 33. Rf6 Re6 34.
Rxe6 fxe6 35. e4 Nc4 36. Nf1 Nxb2 37. Ne3 dxe4 38. g4 Kf7 39. Kd2 Nd3 40. Nc4 b5
41. Nd6+ Ke7 42. Nxe4 Ne5 43. h5 Nxg4 44. hxg6 Ne5 45. g7 Kf7 46. Ng5+ Kxg7 47.
Nxe6+ Kf6 48. Nd4 Ke7 49. Nc2 Nc4+ 50. Kd3 Kd6 51. Kd4 c5+ 52. Ke4 Ke6 53. Kf4
Kd5 54. Kf5 Nd6+ 55. Kf4 Kc4 56. Ke5 Kxc3 0-1

[Event "IMSA Rapid 2016"]
[Site "Huai'an CHN"]
[Date "2016.02.26"]
[Round "1.2"]
[White "Sargissian, Gabriel"]
[Black "Li, Chao b"]
[Result "1/2-1/2"]
[WhiteTitle "GM"]
[BlackTitle "GM"]
[WhiteElo "2702"]
[BlackElo "2751"]
[WhiteFideId "13300881"]
[BlackFideId "8604436"]
[EventDate "2016.02.26"]

1. Nf3 Nf6 2. g3 g6 3. b3 Bg7 4. Bb2 c5 5. c4 d6 6. d4 Ne4 7. Bg2 Qa5+ 8. Nfd2
Nxd2 9. Bc3 Qb6 10. dxc5 Nxb1 11. Bxg7 Qb4+ 12. Kf1 Rg8 13. Bb2 Nd2+ 14. Kg1
dxc5 15. Rc1 Nxb3 16. axb3 Nc6 17. Bxc6+ bxc6 18. Bc3 Qb6 19. Qd2 Bf5 20. f3 Rd8
21. Qe3 Qxb3 22. Kf2 f6 23. g4 Bc8 24. Ra1 Kf7 25. Rxa7 Rd7 26. Rxd7 Bxd7 27.
Rc1 Be6 28. Qxc5 Rd8 29. Qe3 Bxc4 30. g5 Rd6 31. gxf6 Re6 32. Qh6 Rxe2+ 33. Kg1
Qb6+ 34. Kh1 Qf2 35. Qxh7+ Ke8 36. Qxg6+ Bf7 37. Qg3 Bd5 38. Qxf2 Rxf2 39. Kg1
Rxf3 40. fxe7 Kxe7 41. Bb4+ Kd7 42. Bc5 Rd3 43. Rc2 Ke6 44. Kf2 Kf5 45. Be3 Kg4
46. Rd2 Rb3 47. Rd4+ Kh3 48. Bf4 Be6 49. Bg3 Rb2+ 50. Ke3 c5 51. Re4 Ba2 52. Re5
Rb3+ 53. Kd2 c4 54. Re3 Rb2+ 55. Kc3 Rb1 56. Be5+ Kg4 57. Bg3 1/2-1/2

[Event "IMSA Rapid 2016"]
[Site "Huai'an CHN"]
[Date "2016.02.26"]
[Round "1.3"]
[White "Movsesian, Sergei"]
[Black "Tomashevsky, Evgeny"]
[Result "1-0"]
[WhiteTitle "GM"]
[BlackTitle "GM"]
[WhiteElo "2653"]
[BlackElo "2728"]
[WhiteFideId "310204"]
[BlackFideId "4147235"]
[EventDate "2016.02.26"]

1. e4 e5 2. Nf3 Nc6 3. Bc4 Bc5 4. O-O Nf6 5. d3 O-O 6. Nbd2 d6 7. c3 a5 8. Bb3
Be6 9. Ba4 h6 10. h3 Rb8 11. Bc2 d5 12. exd5 Bxd5 13. Re1 Re8 14. Qe2 b5 15. a4
b4 16. Ne4 Ba7 17. Nh2 Re6 18. Ng4 Nxg4 19. hxg4 Qh4 20. Bd1 Bxe4 21. dxe4 bxc3
22. bxc3 Qg3 23. Qc2 Bxf2+ 24. Qxf2 Qxc3 25. Ra2 Qxc1 26. Bb3 Qxe1+ 27. Qxe1
Rxb3 28. Kh2 Rb4 29. Rc2 Rxa4 30. Qc1 Nd4 31. Rxc7 Ra2 32. Qb1 Rf2 33. Qb8+ Kh7
34. Rc8 Ref6 35. Rh8+ Kg6 36. Kg3 Ne2+ 37. Kh4 Re6 38. Qg8 Kf6 39. Qd8+ Kg6 40.
g5 Rf4+ 41. g4 Re8 42. Qxe8 hxg5+ 43. Kh3 Rf2 44. Qc6+ Rf6 45. Qc8 Rf2 46. Qa6+
f6 47. Qc8 1-0

[Event "IMSA Rapid 2016"]
[Site "Huai'an CHN"]
[Date "2016.02.26"]
[Round "1.4"]
[White "Navara, David"]
[Black "Fressinet, Laurent"]
[Result "1-0"]
[WhiteTitle "GM"]
[BlackTitle "GM"]
[WhiteElo "2734"]
[BlackElo "2700"]
[WhiteFideId "309095"]
[BlackFideId "608742"]
[EventDate "2016.02.26"]

1. d4 Nf6 2. c4 e6 3. Nc3 Bb4 4. Qc2 d5 5. cxd5 exd5 6. Bg5 h6 7. Bh4 c5 8. dxc5
O-O 9. e3 Be6 10. a3 Bxc5 11. Rd1 Be7 12. Bd3 Nc6 13. Nge2 Rc8 14. O-O Nh5 15.
Bxe7 Qxe7 16. Qb1 Rfd8 17. Nb5 Qg5 18. Kh1 Bg4 19. f3 Be6 20. f4 Qe7 21. Ned4
Nxd4 22. exd4 Qh4 23. Kg1 Nxf4 24. Nxa7 Rc7 25. Nb5 Re7 26. Qc2 Bd7 27. Nc3 Qg4
28. Bh7+ Kh8 29. Rxf4 Qxf4 30. Nxd5 Re1+ 31. Rxe1 Qxd4+ 32. Ne3 Re8 33. Qd3 1-0

[Event "IMSA Rapid 2016"]
[Site "Huai'an CHN"]
[Date "2016.02.26"]
[Round "1.6"]
[White "Ivanchuk, Vassily"]
[Black "Dominguez Perez, Leinier"]
[Result "0-1"]
[WhiteTitle "GM"]
[BlackTitle "GM"]
[WhiteElo "2710"]
[BlackElo "2732"]
[WhiteFideId "14100010"]
[BlackFideId "3503240"]
[EventDate "2016.02.26"]

1. e4 e5 2. Nf3 Nc6 3. Bc4 Bc5 4. c3 Nf6 5. d3 d6 6. Bb3 a6 7. Nbd2 O-O 8. O-O
Re8 9. Re1 Be6 10. h3 h6 11. Nc4 Ba7 12. Be3 b5 13. Ncd2 Bxe3 14. Rxe3 d5 15.
Re1 dxe4 16. dxe4 Qe7 17. Bxe6 Qxe6 18. Qb3 Nd7 19. Rad1 Nc5 20. Qa3 Nd3 21. Re3
Nf4 22. Nf1 Rad8 23. Rxd8 Nxd8 24. h4 Nb7 25. g3 Rd8 26. Qb3 Qxb3 27. axb3 Nd3
28. Re2 f6 29. Rd2 Ndc5 30. Rxd8+ Nxd8 31. N3d2 Nd3 32. Ne3 Nxb2 33. Kf1 a5 34.
Ke2 a4 35. bxa4 Nxa4 36. Kd3 Ne6 37. h5 Kf7 38. Nf5 Nb6 39. f3 Nc8 40. Nf1 Ne7
41. N1e3 Nxf5 42. Nxf5 Nc5+ 43. Kc2 c6 44. Nd6+ Ke6 45. Nf5 Kf7 46. Nd6+ Ke7 47.
Nf5+ Kf8 48. Nd6 Ne6 49. Kd3 Ke7 50. Nf5+ Kd7 51. Kc2 c5 52. Kb3 Kc7 53. Ka3 Kb6
54. Kb3 Ka5 55. Ka3 c4 56. Nd6 Ng5 57. f4 exf4 58. gxf4 Ne6 59. Ne8 Nxf4 60.
Nxg7 Ne2 61. Kb2 Ng3 62. Kc2 Kb6 63. Kb2 Kc6 64. Ne6 Kd6 65. Nd4 Nxh5 66. Nxb5+
Kc5 67. Nd4 Ng3 68. Kc2 Nxe4 69. Nf5 h5 70. Kb2 Nd6 0-1

[Event "IMSA Rapid 2016"]
[Site "Huai'an CHN"]
[Date "2016.02.26"]
[Round "1.7"]
[White "Mamedyarov, Shakhriyar"]
[Black "Ponomariov, Ruslan"]
[Result "1/2-1/2"]
[WhiteTitle "GM"]
[BlackTitle "GM"]
[WhiteElo "2747"]
[BlackElo "2712"]
[WhiteFideId "13401319"]
[BlackFideId "14103320"]
[EventDate "2016.02.26"]

1. d4 Nf6 2. c4 e6 3. Nf3 d5 4. Nc3 Be7 5. Bf4 O-O 6. e3 Nbd7 7. g4 dxc4 8. Bxc4
c5 9. dxc5 Nxc5 10. g5 Nfe4 11. Nxe4 Nxe4 12. Ke2 b6 13. h4 Bb7 14. Qxd8 Rfxd8
15. Rhd1 Kf8 16. Nd4 Rac8 17. Bd3 Nc5 18. Bc2 Ba6+ 19. Kf3 Bb7+ 20. Ke2 Ba6+ 21.
Kf3 Bb7+ 1/2-1/2

[Event "IMSA Rapid 2016"]
[Site "Huai'an CHN"]
[Date "2016.02.26"]
[Round "1.8"]
[White "Mamedov, Rauf"]
[Black "Wang, Yue"]
[Result "1-0"]
[WhiteTitle "GM"]
[BlackTitle "GM"]
[WhiteElo "2650"]
[BlackElo "2718"]
[WhiteFideId "13401653"]
[BlackFideId "8601429"]
[EventDate "2016.02.26"]

1. e4 e5 2. Nc3 Nf6 3. g3 Nc6 4. Bg2 Bc5 5. h3 a5 6. Nge2 d6 7. d3 Nd4 8. O-O
Ne6 9. Kh1 h5 10. f4 Ng4 11. f5 Nd4 12. Nxd4 Bxd4 13. Qf3 c6 14. Ne2 Ba7 15. c3
b5 16. d4 b4 17. Qd3 Nf6 18. Be3 Bb6 19. c4 Nd7 20. b3 exd4 21. Bxd4 Ne5 22. Qe3
Bxd4 23. Nxd4 Qe7 24. Rad1 Ra6 25. Qd2 Rh6 26. c5 Ra7 27. Nf3 Rd7 28. Qb2 Nxf3
29. Rxf3 Qe5 30. Qxe5+ dxe5 31. Rxd7 Bxd7 32. Bf1 Ke7 33. Bc4 Rh8 34. Kg2 Ra8
35. g4 h4 36. g5 f6 37. gxf6+ gxf6 38. Kf1 a4 39. Rf2 axb3 40. Bxb3 Ra5 41. Rg2
Rxc5 42. Rg7+ Ke8 43. Rg8+ Ke7 44. Rg7+ Ke8 45. Rf7 Rc1+ 46. Ke2 c5 47. Bd5 c4
48. Rxf6 c3 49. Rb6 Rb1 50. f6 Kd8 51. f7 Ke7 52. Rb8 Bb5+ 53. Rxb5 1-0

[Event "IMSA Rapid 2016"]
[Site "Huai'an CHN"]
[Date "2016.02.26"]
[Round "2.1"]
[White "Wang, Hao"]
[Black "Movsesian, Sergei"]
[Result "1-0"]
[WhiteTitle "GM"]
[BlackTitle "GM"]
[WhiteElo "2717"]
[BlackElo "2653"]
[WhiteFideId "8602883"]
[BlackFideId "310204"]
[EventDate "2016.02.26"]

1. d4 Nf6 2. c4 e6 3. Nf3 d5 4. Nc3 Bb4 5. Bg5 h6 6. Bxf6 Qxf6 7. Qa4+ Nc6 8. e3
O-O 9. Rc1 Qg6 10. Qc2 Qxc2 11. Rxc2 Rd8 12. a3 Bf8 13. Nb5 Rd7 14. cxd5 exd5
15. Bd3 a6 16. Nc3 Na7 17. Bf5 Rd8 18. Bxc8 Nxc8 19. Ne5 c6 20. Na4 Re8 21. h4
h5 22. Nd7 Nd6 23. Nxf8 Kxf8 24. Nc5 Re7 25. a4 g6 26. g3 Ne4 27. Ke2 Nxc5 28.
Rxc5 Ke8 29. b4 Kd7 30. Rhc1 Kd6 31. Kf3 Re6 32. R1c2 Re7 33. Rb2 Rc7 34. Kf4 f6
35. Rbc2 b6 36. R5c3 a5 37. Rb2 axb4 38. Rxb4 Rb7 39. f3 Ra5 40. e4 dxe4 41.
fxe4 g5+ 42. Ke3 gxh4 43. gxh4 Rg7 44. Kf3 b5 45. axb5 cxb5 46. Kf4 Rg4+ 47. Kf5
Ra1 48. e5+ fxe5 49. dxe5+ Kd7 50. Rxg4 hxg4 51. h5 b4 52. e6+ Kd6 53. Re3 g3
54. Rxg3 Rf1+ 55. Kg6 Kxe6 56. h6 Ke7 57. h7 Rf6+ 58. Kg7 Rf7+ 59. Kh6 Rf6+ 60.
Rg6 Rf8 61. Rb6 Kf7 62. Rxb4 Ra8 63. Rf4+ Ke6 64. Kg7 Ra7+ 65. Kg8 1-0

[Event "IMSA Rapid 2016"]
[Site "Huai'an CHN"]
[Date "2016.02.26"]
[Round "2.2"]
[White "Dominguez Perez, Leinier"]
[Black "Navara, David"]
[Result "1-0"]
[WhiteTitle "GM"]
[BlackTitle "GM"]
[WhiteElo "2732"]
[BlackElo "2734"]
[WhiteFideId "3503240"]
[BlackFideId "309095"]
[EventDate "2016.02.26"]

1. d4 Nf6 2. Nf3 e6 3. g3 c5 4. Bg2 cxd4 5. O-O d5 6. Nxd4 e5 7. Nb3 Be6 8. Qd3
Be7 9. Rd1 O-O 10. Nc3 e4 11. Qd2 Nc6 12. Qe1 Qc8 13. Bg5 Rd8 14. Nb5 h6 15. Bf4
Bh3 16. Rac1 Bxg2 17. Kxg2 Nh5 18. Be3 Ne5 19. Qc3 Nc4 20. Bxa7 Qg4 21. e3 Qg6
22. Bd4 Rxa2 23. Ra1 Rxb2 24. Rdc1 Bf6 25. Na3 Bxd4 26. Nxd4 Qb6 27. Nxc4 dxc4
28. Ra4 Nf6 29. Rxc4 Nd5 30. Qa3 g6 31. Ra4 Kg7 32. Nb3 Nxe3+ 33. fxe3 Rxb3 34.
Qxb3 Rd2+ 35. Kg1 Qf6 36. Rf1 1-0

[Event "IMSA Rapid 2016"]
[Site "Huai'an CHN"]
[Date "2016.02.26"]
[Round "2.3"]
[White "Li, Chao b"]
[Black "Mamedov, Rauf"]
[Result "1/2-1/2"]
[WhiteTitle "GM"]
[BlackTitle "GM"]
[WhiteElo "2751"]
[BlackElo "2650"]
[WhiteFideId "8604436"]
[BlackFideId "13401653"]
[EventDate "2016.02.26"]

1. d4 d6 2. Nf3 g6 3. c4 Nf6 4. Nc3 Bf5 5. Nh4 Bd7 6. e4 e5 7. dxe5 dxe5 8. Nf3
Nc6 9. Be2 Bg7 10. O-O O-O 11. h3 Be6 12. Be3 Qxd1 13. Rfxd1 Rfd8 14. Nd5 Nxe4
15. Nxc7 Rac8 16. Nxe6 fxe6 17. Bd3 Nf6 18. Ng5 Nb4 19. Bf1 Nc2 20. Nxe6 Rxd1
21. Rxd1 Nxe3 22. fxe3 Bh6 23. Rd8+ Rxd8 24. Nxd8 Bxe3+ 25. Kh2 b6 26. b4 Ne4
27. g3 Nc3 28. Nc6 Kf8 29. Nxe5 Nxa2 30. Nc6 a6 31. Kg2 Bd2 32. b5 axb5 33. cxb5
Nb4 34. Ne5 Ke7 35. Nc4 Bc3 36. Nxb6 Bd4 37. Nc4 Nd5 38. Kf3 Nb6 39. Ne3 Kd6 40.
Ke4 Bc5 41. g4 Nd7 42. g5 Bb4 43. Bc4 Be1 44. Bg8 Bh4 45. Kf4 Nc5 46. Nc4+ Ke7
47. b6 Be1 48. Kg4 Kf8 49. Bd5 Ke7 50. b7 Nd7 51. Bg8 Bc3 52. Kf4 Kf8 53. Be6
Nb8 54. Ne5 Ke7 55. Bg8 h6 56. Nxg6+ Kd6 57. gxh6 Bd2+ 58. Ke4 Bxh6 59. h4 Kc7
60. Bd5 Nd7 61. Kf5 Nc5 62. Nf4 Nxb7 63. Ne6+ Kc8 64. Kg6 Bc1 65. Bxb7+ Kxb7 66.
h5 Kc6 67. Ng5 Kd7 68. h6 Ke7 69. h7 Bb2 70. Nf7 Ba1 71. Nh6 Bb2 72. Ng4 Ba1 73.
Ne3 Bh8 74. Nf5+ Kf8 75. Nh6 Ke7 76. Ng4 Ba1 77. Nf2 Kf8 78. Ne4 Ke7 79. Ng3 Kf8
80. Nf5 Bh8 81. Nd6 Ba1 82. Nc4 Bh8 83. Nb6 Ke7 84. Nd5+ Kf8 85. Nf6 Ke7 86. Nh5
Kf8 87. Ng3 Ke7 88. Nf5+ Kf8 89. Nh6 Ba1 90. Ng8 Bh8 91. Nf6 Ke7 92. Nh5 Kf8 93.
Nf4 Ke7 94. Kh6 Kf7 95. Ng6 Bf6 96. Kh5 Bc3 97. Kg5 Bb2 1/2-1/2

[Event "IMSA Rapid 2016"]
[Site "Huai'an CHN"]
[Date "2016.02.26"]
[Round "2.5"]
[White "Ponomariov, Ruslan"]
[Black "Wojtaszek, Radoslaw"]
[Result "1-0"]
[WhiteTitle "GM"]
[BlackTitle "GM"]
[WhiteElo "2712"]
[BlackElo "2727"]
[WhiteFideId "14103320"]
[BlackFideId "1118358"]
[EventDate "2016.02.26"]

1. e4 c5 2. Nf3 d6 3. d4 cxd4 4. Nxd4 Nf6 5. Nc3 a6 6. Be3 e5 7. Nb3 Be6 8. f3
h5 9. Qd2 Nbd7 10. Nd5 Bxd5 11. exd5 g6 12. Be2 Bg7 13. O-O O-O 14. c4 b6 15.
Rae1 Rc8 16. Kh1 a5 17. Bg5 Qc7 18. Na1 e4 19. Nc2 exf3 20. gxf3 Ne5 21. b3 Qd7
22. Nd4 Rfe8 23. Nb5 Nh7 24. Be3 Rb8 25. Bd1 Nf6 26. Bc2 h4 27. Qf2 Nxd5 28. Bg5
Nb4 29. Rd1 d5 30. Bb1 Qh3 31. cxd5 Nd7 32. Qxh4 Qxh4 33. Bxh4 Re2 34. a3 Na6
35. Rf2 Rxf2 36. Bxf2 Nac5 37. Bc2 Re8 38. Re1 Rxe1+ 39. Bxe1 Ne5 40. Kg2 Ned3
41. Bd2 Bh6 42. Bxh6 Ne1+ 43. Kf2 Nxc2 44. d6 f6 45. Ke2 Kf7 46. Kd2 Nxa3 47.
Nxa3 Nxb3+ 48. Kc3 Nc5 49. Be3 Nd7 50. Nc4 1-0

[Event "IMSA Rapid 2016"]
[Site "Huai'an CHN"]
[Date "2016.02.26"]
[Round "2.6"]
[White "Tomashevsky, Evgeny"]
[Black "Mamedyarov, Shakhriyar"]
[Result "1-0"]
[WhiteTitle "GM"]
[BlackTitle "GM"]
[WhiteElo "2728"]
[BlackElo "2747"]
[WhiteFideId "4147235"]
[BlackFideId "13401319"]
[EventDate "2016.02.26"]

1. e4 e5 2. Nf3 Nf6 3. Nxe5 d6 4. Nf3 Nxe4 5. Nc3 Nxc3 6. dxc3 Be7 7. Be3 Nc6 8.
Qd2 Be6 9. O-O-O h6 10. Kb1 Qd7 11. Bd3 a6 12. Rhe1 Bf6 13. Nd4 O-O-O 14. Nxe6
fxe6 15. Qe2 Qf7 16. f4 g5 17. f5 exf5 18. Bxf5+ Kb8 19. Be4 d5 20. Bf3 Be5 21.
Bg1 Bg7 22. Qd2 Ne7 23. Qf2 d4 24. cxd4 Rhf8 25. Qe2 Nd5 26. Qe6 Nf4 27. Qxf7
Rxf7 28. c3 Bf8 29. Rf1 Bd6 30. g3 Nh3 31. Be3 Rdf8 32. Bg2 Nf2 33. Rde1 c6 34.
Re2 Ng4 35. Rxf7 Rxf7 36. Bg1 Kc7 37. Kc2 h5 38. Bh3 b5 39. Bxg4 hxg4 40. Be3 1-0

[Event "IMSA Rapid 2016"]
[Site "Huai'an CHN"]
[Date "2016.02.26"]
[Round "2.7"]
[White "Fressinet, Laurent"]
[Black "Harikrishna, Pentala"]
[Result "1/2-1/2"]
[WhiteTitle "GM"]
[BlackTitle "GM"]
[WhiteElo "2700"]
[BlackElo "2753"]
[WhiteFideId "608742"]
[BlackFideId "5007003"]
[EventDate "2016.02.26"]

1. Nf3 Nf6 2. g3 d5 3. Bg2 g6 4. c4 Bg7 5. O-O O-O 6. cxd5 Nxd5 7. d4 Nb6 8. Nc3
Nc6 9. d5 Bxc3 10. dxc6 Bg7 11. Bf4 bxc6 12. Qxd8 Rxd8 13. Ne5 Bxe5 14. Bxe5 Ba6
15. Bxc6 Rac8 16. Rfe1 f6 17. Bc3 Rd6 18. Bf3 Na4 19. Rac1 c5 20. Rc2 Nxc3 21.
Rxc3 c4 22. Rec1 Kg7 23. R1c2 Rb8 24. b3 cxb3 25. axb3 Kf7 26. Ra2 f5 27. Kg2
Rbb6 28. Rc7 Kf6 29. Rxa7 e5 30. e4 h6 31. exf5 gxf5 32. h4 e4 33. Bh5 Bb7 34.
R7a3 Rd3 35. Be2 Rdxb3 36. Rxb3 Rxb3 37. Ra1 Rb2 38. Kf1 f4 39. gxf4 Kf5 40. Rd1
Kxf4 41. Ke1 Rb6 42. Rd7 Bc8 43. Rf7+ Bf5 44. Rf8 Rb1+ 45. Bd1 Ke5 46. Kd2 Ra1
47. Rh8 Ra2+ 48. Ke1 Ra6 49. Kd2 Kf4 50. Ke1 e3 51. Re8 exf2+ 52. Kxf2 Ra2+ 53.
Be2 h5 54. Rf8 Rb2 55. Rf7 Ke4 56. Re7+ Kd4 57. Kg3 Bg6 58. Bf3 Rb5 59. Rg7 Bc2
60. Rd7+ Ke5 61. Rg7 Rb3 62. Rg5+ Kf6 63. Kf2 Rb2 64. Kg3 Rb3 65. Kf2 Rb2 1/2-1/2

[Event "IMSA Rapid 2016"]
[Site "Huai'an CHN"]
[Date "2016.02.26"]
[Round "2.8"]
[White "Wang, Yue"]
[Black "Ivanchuk, Vassily"]
[Result "1-0"]
[WhiteTitle "GM"]
[BlackTitle "GM"]
[WhiteElo "2718"]
[BlackElo "2710"]
[WhiteFideId "8601429"]
[BlackFideId "14100010"]
[EventDate "2016.02.26"]

1. d4 d6 2. Nf3 g6 3. c4 Bg7 4. Nc3 e5 5. e4 Bg4 6. d5 Nd7 7. h3 Bxf3 8. Qxf3 h5
9. Bd3 Kf8 10. O-O h4 11. Be3 Bh6 12. b4 Ndf6 13. c5 Bxe3 14. Qxe3 Nh5 15. Rfc1
Ngf6 16. Ne2 Rg8 17. Qg5 Ne8 18. Qxd8 Rxd8 19. Bb5 f5 20. Bxe8 Kxe8 21. f3 Rf8
22. Rc4 fxe4 23. fxe4 Nf4 24. Nxf4 Rxf4 25. Rf1 Rxf1+ 26. Kxf1 Ke7 27. Ke2 Rf8
28. c6 Rb8 29. cxb7 Rxb7 30. Kf3 Kf6 31. Kg4 g5 32. Kh5 Rb8 33. a3 Rh8+ 34. Kg4
Rc8 35. Rc3 Kg6 36. g3 hxg3 37. Kxg3 Kh5 38. Rc6 Kh6 39. b5 Rb8 40. a4 Rb7 41.
Kg4 Kg6 42. Rc4 Rb8 43. Rxc7 a6 44. Rc6 axb5 45. Rxd6+ Kf7 46. axb5 Rxb5 47.
Kxg5 1-0

[Event "IMSA Rapid 2016"]
[Site "Huai'an CHN"]
[Date "2016.02.26"]
[Round "3.1"]
[White "Dominguez Perez, Leinier"]
[Black "Wang, Hao"]
[Result "1/2-1/2"]
[WhiteTitle "GM"]
[BlackTitle "GM"]
[WhiteElo "2732"]
[BlackElo "2717"]
[WhiteFideId "3503240"]
[BlackFideId "8602883"]
[EventDate "2016.02.26"]

1. d4 d5 2. c4 c6 3. Nf3 Nf6 4. Nc3 e6 5. g3 Nbd7 6. Bg2 Be7 7. O-O O-O 8. b3 b6
9. Nd2 Ba6 10. e4 dxc4 11. Nxc4 Bxc4 12. bxc4 e5 13. d5 Qc7 14. Bd2 Rac8 15. Qe2
Bc5 16. Rac1 Ne8 17. Bh3 Rd8 18. Bg5 Ndf6 19. Kh1 h6 20. Bd2 Nd6 21. f3 Nd7 22.
Rfd1 Rfe8 23. Be1 Bd4 24. dxc6 Qxc6 25. Nb5 Nxb5 26. cxb5 Qb7 27. Bxd7 Rxd7 28.
a4 Rc7 29. Bd2 Rec8 30. Qd3 Rxc1 31. Rxc1 Rxc1+ 32. Bxc1 Qc8 33. Bd2 Qh3 34. Be1
h5 35. Qe2 g6 36. a5 bxa5 37. Bxa5 Kg7 38. Be1 Kh7 39. Qg2 Qd7 40. Qe2 Qh3 41.
Qg2 Qd7 42. Qe2 Qh3 1/2-1/2

[Event "IMSA Rapid 2016"]
[Site "Huai'an CHN"]
[Date "2016.02.26"]
[Round "3.2"]
[White "Mamedov, Rauf"]
[Black "Ponomariov, Ruslan"]
[Result "0-1"]
[WhiteTitle "GM"]
[BlackTitle "GM"]
[WhiteElo "2650"]
[BlackElo "2712"]
[WhiteFideId "13401653"]
[BlackFideId "14103320"]
[EventDate "2016.02.26"]

1. e4 e5 2. Nc3 Nf6 3. g3 d5 4. exd5 Nxd5 5. Bg2 Nxc3 6. bxc3 Bd6 7. Nf3 O-O 8.
O-O Nc6 9. d3 Bg4 10. h3 Bh5 11. Rb1 Rb8 12. g4 Bg6 13. Ng5 h6 14. Ne4 Ne7 15.
c4 b6 16. Be3 f5 17. gxf5 Nxf5 18. Qg4 Nh4 19. Kh1 Bf5 20. Qg3 Kh8 21. Rg1 Qe7
22. Rbe1 Be6 23. Bc1 Rf5 24. Nxd6 cxd6 25. Be4 Rh5 26. Re3 Rf8 27. Kh2 Nf5 28.
Qg6 Bf7 29. Qg4 Rg5 30. Bxf5 Rxg4 31. Bxg4 Be8 32. Bf3 Qh4 33. Rg3 Bd7 34. Kg1
Bf5 35. Be4 Qh5 36. Ref3 Rf6 37. Bd5 Kh7 38. Ba3 g6 39. Bb2 Qh4 40. Bc3 Kg7 41.
a3 Bd7 42. Rxf6 Qxf6 43. Rf3 Bf5 44. Rg3 Qh4 45. Kg2 Kf6 46. Bb4 Ke7 47. Bc3 Kd7
48. Bd2 Ke7 49. Be3 g5 50. Bf3 e4 51. Bg4 Bg6 52. d4 Kf6 53. f3 h5 54. Bc8 exf3+
55. Rxf3+ Ke7 56. Bb7 g4 57. Rg3 Bxc2 58. Bf2 Qg5 59. hxg4 hxg4 60. Re3+ Kd7 61.
Bd5 Bf5 62. Kg3 Qh6 63. Kg2 Qh8 64. a4 Bc2 65. Be6+ Kc7 66. Bxg4 Qg7 67. Rg3
Bxa4 68. Bf3 Qf6 69. c5 dxc5 70. dxc5 Bc6 71. cxb6+ axb6 72. Bxc6 Kxc6 73. Rf3
Qg6+ 74. Kf1 b5 75. Rc3+ Kd5 76. Ke2 Qb1 77. Be3 Ke4 78. Bd2 Qa2 79. Re3+ Kd4
80. Rd3+ Kc5 81. Rc3+ Kb6 82. Kd3 b4 83. Rc4 Qb1+ 84. Kd4 b3 85. Rb4+ Kc6 86.
Bc3 Qd1+ 87. Ke3 Kc5 88. Rb8 Qg1+ 89. Kf3 Qf1+ 90. Ke3 Qh3+ 0-1

[Event "IMSA Rapid 2016"]
[Site "Huai'an CHN"]
[Date "2016.02.26"]
[Round "3.3"]
[White "Sargissian, Gabriel"]
[Black "Tomashevsky, Evgeny"]
[Result "1/2-1/2"]
[WhiteTitle "GM"]
[BlackTitle "GM"]
[WhiteElo "2702"]
[BlackElo "2728"]
[WhiteFideId "13300881"]
[BlackFideId "4147235"]
[EventDate "2016.02.26"]

1. d4 Nf6 2. c4 e6 3. Nf3 b6 4. g3 Ba6 5. b3 d5 6. cxd5 exd5 7. Bg2 Bb4+ 8. Bd2
Be7 9. Nc3 O-O 10. O-O Re8 11. Ne5 Bb7 12. Bg5 Nbd7 13. Rc1 Ba3 14. Nxd7 Qxd7
15. Bxf6 Bxc1 16. Qxc1 gxf6 17. Qh6 Qf5 18. Qd2 c5 19. dxc5 bxc5 20. Nxd5 Bxd5
21. Qxd5 Qxd5 22. Bxd5 Rad8 23. e4 f5 24. f3 Kg7 25. g4 fxg4 26. fxg4 Re7 27.
Rc1 h5 28. h3 hxg4 29. hxg4 Kf6 30. Kf2 Ke5 31. Rxc5 Kf4 32. Rc6 Kxg4 33. Rf6
Kg5 34. Rf5+ Kg6 35. Ke3 Rd6 36. Kd4 Rf6 37. Rxf6+ Kxf6 38. b4 Rc7 39. a4 Rc1
40. e5+ Ke7 41. a5 Rd1+ 42. Kc5 Re1 43. Kd4 Ra1 44. Kc5 Re1 45. Kd4 Ra1 1/2-1/2

[Event "IMSA Rapid 2016"]
[Site "Huai'an CHN"]
[Date "2016.02.26"]
[Round "3.4"]
[White "Movsesian, Sergei"]
[Black "Li, Chao b"]
[Result "0-1"]
[WhiteTitle "GM"]
[BlackTitle "GM"]
[WhiteElo "2653"]
[BlackElo "2751"]
[WhiteFideId "310204"]
[BlackFideId "8604436"]
[EventDate "2016.02.26"]

1. e4 c5 2. Nf3 d6 3. d4 cxd4 4. Nxd4 Nf6 5. Nc3 Nc6 6. Bg5 e6 7. Qd2 a6 8.
O-O-O Bd7 9. f3 Be7 10. Be3 h5 11. Kb1 Qc7 12. Bd3 Ne5 13. Qf2 b5 14. Nb3 Rb8
15. h3 b4 16. Ne2 a5 17. f4 Nc4 18. Bc1 a4 19. Nbd4 e5 20. fxe5 dxe5 21. Nf5
Bxf5 22. Qxf5 b3 23. cxb3 axb3 24. g4 O-O 25. g5 bxa2+ 26. Ka1 Nxb2 27. Bxb2
Rxb2 28. gxf6 Rxe2 29. Rc1 Qb6 0-1

[Event "IMSA Rapid 2016"]
[Site "Huai'an CHN"]
[Date "2016.02.26"]
[Round "3.6"]
[White "Harikrishna, Pentala"]
[Black "Wang, Yue"]
[Result "1/2-1/2"]
[WhiteTitle "GM"]
[BlackTitle "GM"]
[WhiteElo "2753"]
[BlackElo "2718"]
[WhiteFideId "5007003"]
[BlackFideId "8601429"]
[EventDate "2016.02.26"]

1. e4 e5 2. Nf3 Nf6 3. Nxe5 d6 4. Nf3 Nxe4 5. d4 d5 6. Bd3 Nc6 7. Nc3 Bf5 8. O-O
Be7 9. Re1 Nxc3 10. bxc3 Bxd3 11. Qxd3 O-O 12. Rb1 Na5 13. Bf4 c6 14. c4 dxc4
15. Qf5 Bf6 16. Bd2 c3 17. Bxc3 Nc4 18. Qc5 Nb6 19. Ba5 Qd7 20. Qb4 Qd5 21. Bxb6
axb6 22. c4 Qf5 23. Qb3 g5 24. h3 h5 25. Rbd1 Rfe8 26. Rxe8+ Rxe8 27. Qxb6 g4
28. hxg4 hxg4 29. Ne5 Bxe5 30. dxe5 Qxe5 31. g3 Qe2 32. Qb3 Qf3 33. Rb1 Qxb3 34.
Rxb3 Re4 35. Rxb7 Rxc4 36. Rc7 Kg7 37. a4 Rxa4 38. Rxc6 1/2-1/2

[Event "IMSA Rapid 2016"]
[Site "Huai'an CHN"]
[Date "2016.02.26"]
[Round "3.7"]
[White "Mamedyarov, Shakhriyar"]
[Black "Fressinet, Laurent"]
[Result "1-0"]
[WhiteTitle "GM"]
[BlackTitle "GM"]
[WhiteElo "2747"]
[BlackElo "2700"]
[WhiteFideId "13401319"]
[BlackFideId "608742"]
[EventDate "2016.02.26"]

1. d4 Nf6 2. c4 e6 3. Nc3 Bb4 4. Nf3 d5 5. Qa4+ Nc6 6. e3 O-O 7. Qc2 b6 8. a3
Bxc3+ 9. Qxc3 Ne4 10. Qc2 Ba6 11. b4 Ne7 12. Bd3 Ng6 13. h4 h6 14. Bb2 Ne7 15.
Rc1 Nd6 16. b5 dxc4 17. Bh7+ Kh8 18. bxa6 f5 19. Ng5 Qd7 20. a4 Rad8 21. Ba3 Rf6
22. e4 fxe4 23. Nxe4 Rf4 24. g3 Rf3 25. Bxd6 cxd6 26. Ng5 Rf6 27. Be4 Kg8 28.
Nh3 d5 29. Bg2 Nf5 30. Rd1 b5 31. axb5 Qxb5 32. O-O Qxa6 33. Rfe1 Qb6 34. Qc3
Rdf8 35. h5 1-0